Verification, validation and testing in software engineering / (Record no. 6250)

MARC details
000 -LEADER
fixed length control field 01431nac a22003131u 4500
010 ## - LIBRARY OF CONGRESS CONTROL NUMBER
LC control number 2006013530
020 ## - INTERNATIONAL STANDARD BOOK NUMBER
International Standard Book Number 1591408512 (hardcover)
020 ## - INTERNATIONAL STANDARD BOOK NUMBER
International Standard Book Number 1591408520 (softcover)
020 ## - INTERNATIONAL STANDARD BOOK NUMBER
International Standard Book Number 1591408539 (ebook)
020 ## - INTERNATIONAL STANDARD BOOK NUMBER
International Standard Book Number 9781591408529
035 ## - SYSTEM CONTROL NUMBER
System control number (OCoLC)ocm67840181
082 00 - DEWEY DECIMAL CLASSIFICATION NUMBER
Classification number 005.14
Item number DAS
090 ## - LOCALLY ASSIGNED LC-TYPE CALL NUMBER (OCLC); LOCAL CALL NUMBER (OCLC)
-- 6250
-- 6250
100 ## - MAIN ENTRY--PERSONAL NAME
Personal name Dasso, Aristides .
245 00 - TITLE STATEMENT
Title Verification, validation and testing in software engineering /
Statement of responsibility, etc Aristides Dasso, Ana Funes [editors].
260 ## - PUBLICATION, DISTRIBUTION, ETC. (IMPRINT)
Place of publication, distribution, etc Hershey, PA :
Name of publisher, distributor, etc Idea Group Pub.,c2007.
Date of publication, distribution, etc c2007.
300 ## - PHYSICAL DESCRIPTION
Extent xi, 428 p. :
Other physical details ill. ;
Dimensions 26 cm.
500 ## - GENERAL NOTE
General note Distributer: AcademicBookShop.
504 ## - BIBLIOGRAPHY, ETC. NOTE
Bibliography, etc Includes bibliographical references and index.
511 ## - PARTICIPANT OR PERFORMER NOTE
Participant or performer note Catalogued By: Mahitab.
520 ## - SUMMARY, ETC.
Summary, etc "This book explores different applications in V & V that spawn many areas of software development -including real time applications- where V & V techniques are required, providing in all cases examples of the applications"--Provided by publisher.
650 #0 - SUBJECT ADDED ENTRY--TOPICAL TERM
Topical term or geographic name as entry element Computer software
General subdivision Validation.
650 #0 - SUBJECT ADDED ENTRY--TOPICAL TERM
Topical term or geographic name as entry element Computer software
General subdivision Verification.
650 #0 - SUBJECT ADDED ENTRY--TOPICAL TERM
Topical term or geographic name as entry element Computer software
General subdivision Testing.
700 1# - ADDED ENTRY--PERSONAL NAME
Personal name Funes, Ana,
Dates associated with a name 1964-
856 41 - ELECTRONIC LOCATION AND ACCESS
Materials specified Table of contents
Uniform Resource Identifier <a href="http://www.loc.gov/catdir/toc/ecip0612/2006013530.html">http://www.loc.gov/catdir/toc/ecip0612/2006013530.html</a>
942 ## - ADDED ENTRY ELEMENTS (KOHA)
Item type Book - Borrowing
Call number prefix 005.14DAS
Holdings
Withdrawn status Item status Damaged status Not for loan Home library Current library Shelving location Date acquired Source of acquisition Total Checkouts Full call number Barcode Date last seen Date last borrowed Koha item type
        Central Library Central Library Lower Floor 19/11/2007 Purchase 3 005.14DAS 000007840 15/07/2025 17/03/2019 Book - Borrowing